El constitucionalismo en el continente americano

Detalles Bibliográficos
Autor principal: Bonilla Maldonado, Daniel
Formato: eBook
Lenguaje:español
Publicado: Bogot:̀ Siglo del Hombre Editores, 2016
Materias:
Acceso en línea:Acceso restringido

MARC

LEADER 00000nam a22000007a 4500
005 20210430215818.0
007 cr|||| ||||
008 210430s2016 co |||||s|||| 00||0 spa d
020 |a 978-958-665-387-9 
035 |a 33219 
040 |a vLex 
090 |c 11582  |d 11582 
100 1 |a Bonilla Maldonado, Daniel 
245 1 2 |a El constitucionalismo en el continente americano  |h [Recurso electrn̤ico] /  |c Daniel Bonilla Maldonado 
256 |a Servicio en ln̕ea 
260 |a Bogot:̀  |b Siglo del Hombre Editores,  |c 2016 
300 |a 1 recurso electrn̤ico 
500 |a El presente libro se encuentra estructurado en tres partes bien diferenciadas. En la primera, se examina la relacin̤ que existe entre el constitucionalismo latinoamericano y el estadounidense. En la segunda parte del libro, se examina crt̕icamente la experiencia que ha tenido Latinoamřica tanto con el constitucionalismo liberal como con el radical durante los l︢timos 25 aǫs. Se analiza la experiencia de pas̕es como Colombia, Mx̌ico y Argentina y se hace un balance de las experiencias ecuatoriana, boliviana y venezolana. En la tercera parte, se examinan algunas de las fortalezas del modelo constitucional estadounidense. 
506 1 |a Disponible solo en los productos indicados  |d vLex Global  |d vLex Global (Academic Edition, excluding Law Schools)  |d vLex Global (U.S. Academic Edition, Law Schools)  |d vLex Global (U.S. Academic Edition, excluding Law Schools)  |d vLex Global (Academic Edition, Law Schools) 
650 0 4 |a Derecho Constitucional  |z Colombia 
740 0 |a vLex Libros (Servicio en ln̕ea) 
856 4 0 |u https://vlex.com/source/constitucionalismo-en-el-continente-americano-33219  |z Acceso restringido 
942 |c BOOK 
999 0 |a Constitutional right